[Event "HUN-chT2 Barcza 1819"]
[Site "Hungary"]
[Date "2019.02.24"]
[Round "8.4"]
[White "Ecsedi, Sandor"]
[Black "Juhasz, Bela"]
[Result "0-1"]
[WhiteElo "1968"]
[BlackElo "2093"]
[PlyCount "110"]
[EventDate "2018.09.23"]
[EventType "team-tourn"]
[EventRounds "11"]
[EventCountry "HUN"]
[SourceTitle "CBM 189 Extra"]
[Source "ChessBase"]
[SourceDate "2019.06.03"]
[SourceVersion "1"]
[SourceVersionDate "2019.06.03"]
[SourceQuality "1"]
[WhiteTeam "Hajduszoboszlo"]
[BlackTeam "Edeleny"]
[WhiteTeamCountry "HUN"]
[BlackTeamCountry "HUN"]

1. e4 e6 2. d4 d5 3. Nc3 Bb4 4. e5 c5 5. a3 Bxc3+ 6. bxc3 Qa5 7. Bd2 Qa4 8. Nf3 Ne7 9. Bd3 c4 10. Be2 Nbc6 11. 0-0 h6 12. Ne1 Bd7 13. f4 0-0-0 14. Nf3 Rdf8 15. Qb1 f6 16. Qb2 Ng6 17. Rab1 b6 18. Rbe1 f5 19. Rb1 Rhg8 20. Kh1 Nge7 21. Qc1 Be8 22. Ng1 g6 23. Nf3 Rg7 24. Kg1 Rfg8 25. Rf2 Qa5 26. h4 Nd8 27. g3 Nf7 28. Rh2 Nc6 29. Kf2 Ncd8 30. Rh3 Qa6 31. Rb4 Nc6 32. Rb1 Qb7 33. Qh1 Qe7 34. Bc1 Nb8 35. Qh2 Ba4 36. Bd1 Nd7 37. Rb4 b5 38. Rb1 Nf8 39. Qh1 Nh7 40. Rh2 Nd8 41. Rh3 Nc6 42. Rh2 a5 43. Qe1 Kb7 44. Kf1 Ka6 45. Kg1 Nd8 46. Kf2 g5 47. hxg5 hxg5 48. Nxg5 Nxg5 49. fxg5 Nf7 50. Rh5 Nxg5 51. Bxg5 Rxg5 52. Rxg5 Qxg5 53. Kg2 f4 54. g4 Bxc2 55. Bxc2 Qxg4+ 0-1

[Event "Eger Agria op 41th"]
[Site "Eger"]
[Date "2017.07.17"]
[Round "1"]
[White "Csatari, Dominik"]
[Black "Juhasz, Bela"]
[Result "1/2-1/2"]
[WhiteElo "1720"]
[BlackElo "2190"]
[PlyCount "61"]
[EventDate "2017.07.17"]
[EventType "swiss"]
[EventRounds "9"]
[EventCountry "HUN"]
[SourceTitle "EXT 2020"]
[Source "ChessBase"]
[SourceDate "2019.10.17"]
[SourceVersion "1"]
[SourceVersionDate "2019.10.17"]
[SourceQuality "1"]

1. e4 c5 2. Nf3 e6 3. d4 cxd4 4. Nxd4 a6 5. Nc3 Qc7 6. Bd3 Bc5 7. Nb3 Ba7 8. Qg4 g6 9. Bf4 d6 10. 0-0-0 Nc6 11. Qg3 e5 12. Nd5 Qd8 13. Be3 Be6 14. h4 Bxd5 15. exd5 Bxe3+ 16. fxe3 Nb4 17. h5 Nxd3+ 18. Rxd3 Qb6 19. e4 gxh5 20. Rxh5 Ne7 21. Qh3 Rg8 22. g3 Qf2 23. Kd1 Rc8 24. Nd2 Qc5 25. c4 b5 26. Rc3 bxc4 27. Rxh7 Rb8 28. Kc2 Qf2 29. Qh2 Qd4 30. Qh5 Rf8 31. Qf3 1/2-1/2

[Event "HUN-chT2 Erkel 1617"]
[Site "Hungary"]
[Date "2017.01.29"]
[Round "7.3"]
[White "Szepes, Tamas"]
[Black "Juhasz, Bela"]
[Result "1/2-1/2"]
[WhiteElo "2174"]
[BlackElo "2169"]
[PlyCount "55"]
[EventDate "2016.09.25"]
[EventType "team-tourn"]
[EventRounds "11"]
[EventCountry "HUN"]
[SourceTitle "EXT 2021"]
[Source "ChessBase"]
[SourceDate "2020.10.23"]
[SourceVersion "1"]
[SourceVersionDate "2020.10.23"]
[SourceQuality "1"]
[WhiteTeam "Pestszentlorinc"]
[BlackTeam "Jaszbereny"]
[WhiteTeamCountry "HUN"]
[BlackTeamCountry "HUN"]

1. d4 Nf6 2. c4 e6 3. g3 Bb4+ 4. Bd2 Qe7 5. Bg2 0-0 6. Nf3 Bxd2+ 7. Nbxd2 d6 8. 0-0 e5 9. e4 a5 10. Qc2 Nc6 11. d5 Nb8 12. Ne1 Nbd7 13. Nd3 b6 14. Rab1 Nc5 15. Nxc5 bxc5 16. Qc3 Ng4 17. f3 Nh6 18. f4 f6 19. a4 Bd7 20. Nb3 Rfb8 21. Nxa5 Rb4 22. Nb3 Raxa4 23. Nd2 Nf7 24. b3 Ra8 25. Ra1 Rbb8 26. Ra5 Qd8 27. Rfa1 Rxa5 28. Rxa5 1/2-1/2

[Event "Eger Agria op 40th"]
[Site "Eger"]
[Date "2016.07.20"]
[Round "4"]
[White "Juhasz, Bela"]
[Black "Orosz, Andras1111"]
[Result "1/2-1/2"]
[WhiteElo "2131"]
[BlackElo "2386"]
[PlyCount "96"]
[EventDate "2016.07.18"]
[EventType "swiss"]
[EventRounds "8"]
[EventCountry "HUN"]
[SourceTitle "EXT 2020"]
[Source "ChessBase"]
[SourceDate "2019.10.17"]
[SourceVersion "1"]
[SourceVersionDate "2019.10.17"]
[SourceQuality "1"]

1. d4 Nf6 2. Nf3 e6 3. c4 d5 4. Bg5 Be7 5. Nc3 h6 6. Bh4 0-0 7. e3 b6 8. cxd5 Nxd5 9. Nxd5 Bxh4 10. Nxh4 exd5 11. Nf3 c5 12. dxc5 bxc5 13. Be2 Be6 14. 0-0 Nd7 15. Qa4 Qb6 16. b3 Nf6 17. Bd3 Rfc8 18. Rac1 Rab8 19. Rc3 Nd7 20. Rfc1 Re8 21. h3 a5 22. Qf4 Qb4 23. Qg3 a4 24. Ne5 Nxe5 25. Qxe5 Bxh3 26. Qxd5 Be6 27. Qxc5 axb3 28. axb3 Qxc5 29. Rxc5 Rxb3 30. Bc4 Rb2 31. Bxe6 Rxe6 32. Rf5 Re7 33. Rc4 Rb1+ 34. Kh2 Rb6 35. Rcf4 g6 36. Rf6 Rxf6 37. Rxf6 Kg7 38. Ra6 g5 39. g4 Rb7 40. Kg3 Rb3 41. Rc6 f6 42. Ra6 Rb1 43. Rc6 Rg1+ 44. Kf3 Ra1 45. Kg2 Kg6 46. Rb6 Ra4 47. Kg3 Ra1 48. Kg2 Ra4 1/2-1/2

[Event "HUN-chT2 Erkel 1415"]
[Site "Hungary"]
[Date "2015.04.26"]
[Round "9.3"]
[White "Juhasz, Bela"]
[Black "Kormos, Adam"]
[Result "1-0"]
[WhiteElo "2063"]
[BlackElo "2166"]
[PlyCount "67"]
[EventDate "2014.09.28"]
[EventType "team-tourn"]
[EventRounds "9"]
[EventCountry "HUN"]
[SourceTitle "EXT 2016"]
[Source "ChessBase"]
[SourceDate "2015.10.08"]
[SourceVersion "1"]
[SourceVersionDate "2015.10.08"]
[SourceQuality "1"]
[WhiteTeam "Jaszbereny"]
[BlackTeam "BEAC"]
[WhiteTeamCountry "HUN"]
[BlackTeamCountry "HUN"]

1. Nf3 g6 2. c4 Bg7 3. d4 Nf6 4. g3 0-0 5. Bg2 d5 6. cxd5 Nxd5 7. 0-0 Nc6 8. Nc3 Nb6 9. e3 e5 10. d5 Ne7 11. e4 Bg4 12. h3 Bd7 13. a4 Nc4 14. Qb3 Nd6 15. Re1 c5 16. Bg5 h6 17. Be3 Qc8 18. Kh2 f5 19. exf5 gxf5 20. Nxe5 Bxe5 21. Bxh6 Ng6 22. Bxf8 Qxf8 23. f4 Bd4 24. Re2 Qh6 25. Nb5 Nxf4 26. Nxd4 Nxh3 27. Bxh3 cxd4 28. Kg2 Ne4 29. Rf1 Qg5 30. Rf4 Bxa4 31. Qf3 d3 32. Rexe4 fxe4 33. Be6+ Kh8 34. Qxe4 1-0

[Event "Budapest Art Pub Cup 6th"]
[Site "Budapest"]
[Date "2015.01.02"]
[Round "1"]
[White "Dibusz, Domonkos"]
[Black "Juhasz, Bela"]
[Result "1-0"]
[WhiteElo "1593"]
[BlackElo "2074"]
[PlyCount "73"]
[EventDate "2015.01.02"]
[EventType "swiss"]
[EventRounds "6"]
[EventCountry "HUN"]
[SourceTitle "CBM 164 Extra"]
[Source "ChessBase"]
[SourceDate "2015.03.02"]
[SourceVersion "1"]
[SourceVersionDate "2015.03.02"]
[SourceQuality "1"]

1. e4 c5 2. Nf3 e6 3. d4 cxd4 4. Nxd4 a6 5. c4 Nf6 6. Nc3 d6 7. Be3 Be7 8. f3 0-0 9. Qd2 Nbd7 10. 0-0-0 Qc7 11. Kb1 Re8 12. g4 Ne5 13. Rc1 Qb8 14. h4 Bf8 15. h5 Nfd7 16. g5 Nc6 17. g6 Nxd4 18. gxf7+ Kxf7 19. Bxd4 Nf6 20. Bxf6 gxf6 21. Bd3 Qc7 22. Rhg1 Re7 23. e5 dxe5 24. Bxh7 Rd7 25. Bg6+ Ke7 26. Qe2 Bh6 27. Rcd1 Rxd1+ 28. Rxd1 Bd7 29. Qd3 Bc6 30. Ne4 Kf8 31. Nxf6 Qe7 32. Nd7+ Bxd7 33. Qxd7 Qxd7 34. Rxd7 Rc8 35. Rh7 Bg7 36. h6 Bxh6 37. Rh8+ 1-0

[Event "Budapest FS09 FM-A"]
[Site "Budapest"]
[Date "2014.09.15"]
[Round "10"]
[White "Oliveira, Maria Ines"]
[Black "Juhasz, Bela"]
[Result "1-0"]
[WhiteElo "1960"]
[BlackElo "2060"]
[PlyCount "109"]
[EventDate "2014.09.06"]
[EventType "tourn"]
[EventRounds "11"]
[EventCountry "HUN"]
[SourceTitle "CBM 162 Extra"]
[Source "ChessBase"]
[SourceDate "2014.10.17"]
[SourceVersion "1"]
[SourceVersionDate "2014.10.17"]
[SourceQuality "1"]

1. e4 c5 2. Nf3 e6 3. d4 cxd4 4. Nxd4 a6 5. Nc3 Qc7 6. g3 Nf6 7. Bg2 Be7 8. 0-0 0-0 9. Kh1 d6 10. Be3 Nc6 11. a4 Bd7 12. Nb3 b6 13. f4 Rab8 14. g4 Bc8 15. g5 Nd7 16. Qh5 g6 17. Qh4 Re8 18. Rf3 Nb4 19. Rh3 Nf8 20. f5 exf5 21. exf5 Bxf5 22. Qxb4 Bxh3 23. Bxh3 d5 24. Qh4 Qe5 25. Bf4 Bxg5 26. Bxe5 Bxh4 27. Bxb8 Rxb8 28. Nxd5 Kg7 29. Nd4 f5 30. Nf3 Bd8 31. Re1 Rb7 32. Nd4 Rd7 33. Bg2 Kf7 34. Nc6 Bc7 35. Re7+ Rxe7 36. Ncxe7 Be5 37. c3 Nd7 38. Nc6 Bd6 39. Ncb4 a5 40. Nd3 g5 41. Ne3 Kf6 42. Nc4 Bc7 43. Bc6 Nf8 44. Kg2 h5 45. Be8 h4 46. Ne3 Bd8 47. h3 Ke6 48. Bc6 Kf6 49. Bb7 Ne6 50. Bc8 Ng7 51. Kf3 Kg6 52. Nd5 Kf7 53. Ne5+ Ke8 54. Bd7+ Kf8 55. Nc6 1-0

[Event "Budapest FS09 FM-A"]
[Site "Budapest"]
[Date "2014.09.12"]
[Round "7"]
[White "Juhasz, Bela"]
[Black "Terbe, Julianna"]
[Result "1/2-1/2"]
[WhiteElo "2060"]
[BlackElo "2031"]
[PlyCount "41"]
[EventDate "2014.09.06"]
[EventType "tourn"]
[EventRounds "11"]
[EventCountry "HUN"]
[SourceTitle "CBM 162 Extra"]
[Source "ChessBase"]
[SourceDate "2014.10.17"]
[SourceVersion "1"]
[SourceVersionDate "2014.10.17"]
[SourceQuality "1"]

1. d4 d5 2. Nf3 Nf6 3. c4 c6 4. e3 g6 5. Nc3 Bg7 6. Bd3 0-0 7. 0-0 dxc4 8. Bxc4 Bg4 9. h3 Bxf3 10. Qxf3 Nbd7 11. Rd1 e5 12. Bb3 exd4 13. exd4 Nb6 14. Bg5 Qd6 15. Rac1 Rac8 16. Bf4 Qd7 17. Be5 Nbd5 18. Nxd5 Nxd5 19. Rc5 Bxe5 20. dxe5 Qe7 21. Rdc1 1/2-1/2

[Event "Budapest op 4th"]
[Site "Budapest"]
[Date "2014.08.23"]
[Round "8"]
[White "Kokeny, Norbert Adrian"]
[Black "Juhasz, Bela"]
[Result "0-1"]
[WhiteElo "1916"]
[BlackElo "2087"]
[PlyCount "128"]
[EventDate "2014.08.16"]
[EventType "swiss"]
[EventRounds "9"]
[EventCountry "HUN"]
[SourceTitle "CBM 161 Extra"]
[Source "ChessBase"]
[SourceDate "2014.08.29"]
[SourceVersion "1"]
[SourceVersionDate "2014.08.29"]
[SourceQuality "1"]

1. Nf3 d5 2. d4 Nf6 3. e3 g6 4. Bd3 Bg7 5. Nbd2 c5 6. c3 Qc7 7. 0-0 Nbd7 8. e4 dxe4 9. Nxe4 cxd4 10. Nxd4 a6 11. Bg5 0-0 12. Re1 e5 13. Nxf6+ Nxf6 14. Nf3 Re8 15. Qa4 Nd7 16. Qc4 Qxc4 17. Bxc4 Nb6 18. Bb3 Be6 19. Bxe6 Rxe6 20. Rad1 Rae8 21. Re2 f6 22. Bc1 Bf8 23. b3 Rc8 24. Bb2 Rd6 25. Rxd6 Bxd6 26. Rd2 Be7 27. c4 Bb4 28. Rd1 Kf7 29. Kf1 Ke6 30. Ke2 Nd7 31. Rd5 Rc6 32. h3 b5 33. Rd1 bxc4 34. a3 c3 35. axb4 cxb2 36. Rb1 Rc2+ 37. Nd2 Nb6 38. Kd3 Rc1 39. Rxb2 Nd5 40. g3 Nxb4+ 41. Ke2 f5 42. Nf3 h6 43. Kd2 Rf1 44. Ke3 e4 45. Nd4+ Kd5 46. Rd2 Nd3 47. Ra2 Re1+ 48. Ne2 Nc1 49. Ra5+ Ke6 50. Rxa6+ Kf7 51. Ra7+ Kf6 52. Kd2 Rxe2+ 53. Kxc1 Rxf2 54. h4 g5 55. Ra6+ Ke5 56. Rxh6 gxh4 57. gxh4 f4 58. b4 e3 59. Rh8 Ra2 60. Kd1 f3 61. Re8+ Kf4 62. b5 e2+ 63. Ke1 Ra1+ 64. Kd2 Rd1+ 0-1

[Event "Budapest op 4th"]
[Site "Budapest"]
[Date "2014.08.22"]
[Round "7"]
[White "Juhasz, Bela"]
[Black "Takacs, Kevin"]
[Result "1/2-1/2"]
[WhiteElo "2087"]
[BlackElo "2001"]
[PlyCount "63"]
[EventDate "2014.08.16"]
[EventType "swiss"]
[EventRounds "9"]
[EventCountry "HUN"]
[SourceTitle "CBM 161 Extra"]
[Source "ChessBase"]
[SourceDate "2014.08.29"]
[SourceVersion "1"]
[SourceVersionDate "2014.08.29"]
[SourceQuality "1"]

1. d4 d5 2. Nf3 Nf6 3. c4 c6 4. Nc3 e6 5. e3 Nbd7 6. Qc2 Be7 7. Bd3 dxc4 8. Bxc4 b5 9. Bd3 a6 10. a3 c5 11. Qe2 Bb7 12. 0-0 0-0 13. Bc2 Qc7 14. dxc5 Bxc5 15. e4 Rac8 16. Bg5 b4 17. axb4 Bxb4 18. Bd2 Qb8 19. Rfe1 Rfd8 20. Rac1 e5 21. Nh4 Nc5 22. Bg5 Ncd7 23. Ba4 Bxc3 24. Bxd7 Rxd7 25. Bxf6 Bxe1 26. Rxe1 Qd6 27. Qg4 g6 28. Bxe5 Qxe5 29. Qxd7 Qxb2 30. Nf3 Rf8 31. h4 Bc8 32. Qe7 1/2-1/2